00849nam a2200229 a 450000100100000000500170001000800410002704000250006808200150009310000390010824000190014724501090016626000320027530000210030749000230032850400320035170000290038370000470041283000300045995201130048999900170060200004229520201002040048.0131122s1971 sp 000 0 spa d aDO-SdBNPbspacBNPHU axxxbB468a1 aBenjamin, Walter,d1892-19409907810aSchriftenlspa10aAngelus novus /cWalter Benjamin ; traducción de H. A. Murena, prólogo de Ignacio de Solá-Morales. aBarcelona :bEdhasa,c1971. a217 p. ;c22 cm.1 aLa gaya cienciav1 aBibliografía : p. 211-21712aMurena, H. A.etr.9861912aSolá-Morales, Ignacio deepról.969344 0aLa gaya ciencian1969345 001050718MOaGRbGRcCTd2013-11-22iLF1l0oxxx B468ap42295-10r2020-06-25w2020-06-25y1ZNo se presta c41784d41784